Autoritratto di un uomo scontroso / (Record no. 28932)
[ view plain ]
| 000 -LEADER | |
|---|---|
| campo di controllo lung. fissa | 00739nam a2200241 i 4500 |
| 001 - Numero di controllo | |
| campo di controllo | IT\ICCU\RAV\0788813 |
| 003 - Identificatore del numero di controllo | |
| campo di controllo | ItRI |
| 005 - Data e orario dell'ultima transazione | |
| campo di controllo | 20260405222915.0 |
| 008 - Elementi di lunghezza fissa--Informazione generale | |
| campo di controllo lung. fissa | 011018s2001 it |||||| ||||| |||||c |
| 015 ## - Numero della bibliografia nazionale | |
| Fonte | IT |
| Numero della bibliografia nazionale | 2002-10940 |
| 020 ## - ISBN (International Standard Book Number) | |
| ISBN (International Standard Book Number) | 8870184307 |
| 040 ## - Fonte della catalogazione | |
| Lingua della catalogazione | ita |
| Agenzia che fa la trascrizione | arcigay brescia |
| 041 #7 - Codice di lingua | |
| Codice di lingua del testo/traccia sonora o titolo separato | ita |
| Fonte del codice | ISO-639-2 |
| 082 ## - Numero di classificazione Decimale Dewey | |
| Numero di classificazione | 843.912 |
| Numero dell'edizione | 21 |
| 100 1# - Accesso principale -- nome di persona | |
| Nome di persona | Gide, André |
| Numero del record di authority o numero standard | IT\ICCU\CFIV\013440 |
| Relazione: | aut |
| 240 13 - Titolo uniforme | |
| Titolo uniforme | Le grincheux. |
| 9 (RLIN) | Gide, André |
| 245 10 - Formulazione del titolo | |
| Titolo | Autoritratto di un uomo scontroso / |
| Formulazione di responsabilità, ecc. | André Gide ; a cura di Carlo Angelino. |
| 260 ## - Pubblicazione, distribuzione, ecc. (stampa) | |
| Luogo di pubblicazione, distribuzione, ecc. | Genova : |
| Nome dell'editore, distributore, ecc. | Il melangolo, |
| Data di pubblicazione, distribuzione, ecc. | \2001! |
| 300 ## - Descrizione fisica | |
| Estensione | 38 p. ; |
| Dimensioni | 16 cm. |
| 700 1# - Accesso aggiunto--nome di persona | |
| Nome di persona | Angelino, Carlo |
| Numero del record di authority o numero standard | IT\ICCU\CFIV\026022 |
| 830 #0 - Accesso aggiunto di serie--titolo uniforme | |
| Titolo uniforme | Nugae ; |
| Numero del volume/designazione di sequenza | 105 |
| Numero del record di authority o numero standard | IT\ICCU\CFI\0168794 |
| 942 ## - Dati aggiuntivi (Koha) | |
| Fonte della classificazione o dello schema di collocazione (segnatura) | Classificazione decimale Dewey |
| Tipo copia default (Koha) | Libri |
| Status ritirato | Status smarrito: | Fonte della classificazione o dello schema di collocazione (segnatura) | Status danneggiato: | Escluso dal prestito | Biblioteca di appartenenza | Biblioteca corrente | Data di acquisti | Numero d'inventario | Totale prestiti | Collocazione | Data ultima revisione | Prezzo effettivo da | Tipo copia default (Koha) |
|---|---|---|---|---|---|---|---|---|---|---|---|---|---|
| Classificazione decimale Dewey | BRESCIA | Arcigay Orlando Brescia APS | BRESCIA | Arcigay Orlando Brescia APS | 06/02/2026 | 490 | 1-5-* | 06/02/2026 | 06/02/2026 | Libri |